Rights of the kingdom, or, Customs of our ancestors : touching the duty, power, election, or succession of our Kings and Parliaments, our true liberty, due allegiance, three estates, their legislative power, original, judicial, and executive, with the militia freely discussed through the British, Saxon, Norman laws and histories, with an occasional discourse of great changes yet expected in the world.

Bibliographic Details
Main Author: Sadler, John, 1615-1674
Format: eBook
Language:English
Published: London : Printed for J. Kidgell, 1682.
Series:Early English books online.
Subjects:
Online Access:Connect to the full text of this electronic book

MARC

Tag First Indicator Second Indicator Subfields
LEADER 00000nam a2200000Ia 4500
001 in00004244613
005 20200807092953.0
006 m g d
007 cr bn |||a|bb|
008 850319s1682 enk o 00| | eng d
035 |a (OCoLC)11824713 
040 |a EAA  |c EAA  |d m/c  |d WaOLN 
037 |a CL0037000025  |b ProQuest Information and Learning. 300 N. Zeeb Rd., Ann Arbor, MI 48106 
043 |a e-uk--- 
049 |a UMIA 
100 1 |a Sadler, John,  |d 1615-1674. 
245 1 0 |a Rights of the kingdom, or, Customs of our ancestors :  |b touching the duty, power, election, or succession of our Kings and Parliaments, our true liberty, due allegiance, three estates, their legislative power, original, judicial, and executive, with the militia freely discussed through the British, Saxon, Norman laws and histories, with an occasional discourse of great changes yet expected in the world. 
260 |a London :  |b Printed for J. Kidgell,  |c 1682. 
300 |a 1 online resource ([8], 319 pages) 
336 |a text  |b txt  |2 rdacontent 
337 |a computer  |b c  |2 rdamedia 
338 |a online resource  |b cr  |2 rdacarrier 
500 |a Reproduction of original in Duke University Library. 
500 |a Attributed to John Sadler. compare NUC pre-1956. 
510 4 |a Wing  |c S279 
533 |a Electronic reproduction.  |b Ann Arbor, Mich. :  |c UMI,  |d 1999-  |f (Early English books online)  |n Digital version of: (Early English books, 1641-1700 ; 821:27)  |7 s1999 miun s 
651 0 |a Great Britain  |x Politics and government  |y 1660-1688. 
650 0 |a Prerogative, Royal  |z Great Britain  |v Early works to 1800. 
740 0 |a Customs of our ancestors. 
830 0 |a Early English books online. 
856 4 0 |u http://proxy.library.tamu.edu/login?url=https://search.proquest.com/docview/2240896558  |z Connect to the full text of this electronic book  |t 0 
999 f f |s 4ce6ba06-7495-312c-afe8-9eb572bd4d88  |i c8be0b0a-8220-3223-b199-9438628fbe88  |t 0 
952 f f |a Texas A&M University  |b College Station  |c Electronic Resources  |d Available Online  |t 0  |h No information provided 
998 f f |t 0  |l Available Online